000 00444nmm a2200157Ia 4500
008 251105s9999||||xx |||||||||||||||||und||
020 _a9788415645634
041 _acat
100 _aRibera Toneu, Francesc
245 0 _aL'assassinat de Guillem de Berguedà
264 _a[Madrid, España] :
_bAra Llibres,
_c2015
300 _a360 páginas
490 _aAmsterdam
856 _uhttps://public.digitaliapublishing.com/a/52618
942 _cCF
999 _c76915
_d76915